Score 0/16 Timer 03:00
0 Plays Today
Title Missing Word % Correct
The _________ of Notre-DameHunchback
96.8%
______ the World in Eighty DaysAround
95.2%
Les ___________Misérables
93.6%
The _____ of Monte CristoCount
93.4%
Twenty Thousand _______ Under the SeaLeagues
91.2%
The Three __________Musketeers
90.9%
Madame ______Bovary
70.7%
_______ de BergeracCyrano
68%
Title Missing Word % Correct
The ______ PrinceLittle
63.1%
The Red and the ______Black
46.2%
In Search of Lost ____Time
30.2%
________: or, OptimismCandide
27.1%
No ____Exit
26.6%
_________ and PantagruelGargantua
15%
The Human ______Comedy
13.6%
The __________ InvalidImaginary
12%

Today's Daily Dose

Remove Ads.
Support Sporcle.
Get the best of Sporcle when you Go Orange. This ad-free experience offers more features, more stats, and more fun while also helping to support Sporcle. Thank you for becoming a member.

You're not logged in!

Compare scores with friends on all Sporcle quizzes.
OR
Log In

Show Comments

Extras

Top Quizzes Today


Score Distribution

Your Account Isn't Verified!

In order to create a playlist on Sporcle, you need to verify the email address you used during registration. Go to your Sporcle Settings to finish the process.

Report this User

Report this user for behavior that violates our Community Guidelines.

Details: